000 00428nam a2200181Ia 4500
005 20240823042226.0
008 240823s9999||||xx |||||||||||||| ||und||
041 _aENGLISH
082 _A621.4021 M6
100 _aAlekseev G N
245 0 _aEnergy and Entropy
250 _a1st
260 _c1986
_bMIR Publications M
500 _aTRANSFERED
650 _aEnergy Conversion
_bElectrical
942 _cBK
999 _c207370
_d207370